000 00298nam a2200145Ia 4500
100 _aHerstein/ I.N.
942 _cBK
654 _aalgebra
245 _aTopics in algebra
260 _bWiley eastern
_aNew Delhi
_c1990
082 _a512
_bHer
300 _a388
546 _aENGLISH
999 _c18415
_d18415